000 00565cam a2200193 a 4500
001 000018286
005 20200929165434.0
008 750107s1971 fr 000 f fre d
040 _aDO-SdBNP
_bfre
_cLC
_dBNPHU
082 _a843.914
_bC453t
100 1 _aChamson, André,
_d1900-1983.
_939597
245 1 3 _aLa tour de constance :
_bRoman /
_cAndré Chamson.
260 _aParis :
_bPlon,
_c1971.
300 _a568 p. ;
_c21 cm.
650 4 _aNovela francesa
_91075
650 4 _aLiteratura francesa
_91074
910 _aCatalogación por copia / LC
049 _aBNGR
999 _c17807
_d17807